| 000 | 00958nam a2200301 i 4500 | ||
|---|---|---|---|
| 003 | EG-GICUC | ||
| 005 | 20260427103153.0 | ||
| 008 | 260427b1952 fr ||||f |||| 00| 0 fre d | ||
| 040 |
_aEG-GiCUC _cEG-GiCUC _dEG-GiCUC _eRda _bfre |
||
| 041 | _afre | ||
| 082 | 0 | 4 |
_221 _a343.661 _bCH . E |
| 092 | 0 | 4 | _221 |
| 099 | _aLaw1 10 343.661 CH . E 1 ed - 1952 1011328 C1 | ||
| 100 | 1 |
_aChazal, Jean _eAuteur |
|
| 245 | 1 | 0 |
_aÉtudes De Criminologie Juvenile / _cPar Jean Chazal. |
| 250 | _a1 Edition. | ||
| 264 | 3 |
_aParis: _bPresses Universitaires De France , _c1952. |
|
| 300 |
_a132 page ; _c 24 cm. |
||
| 336 |
_2rda contenu _a texte |
||
| 337 |
_2rda medias _aOrdinateur |
||
| 338 |
_2 transporteur rda _a Ressource en ligne |
||
| 490 | 0 | _3Bibliothèque De La Revue Enfance | |
| 650 | 1 | _aDroit pénal | |
| 650 | 1 | 4 | _aDélinquants juvéniles |
| 856 | 4 | 0 | _uhttps://fll.law.cu.edu.eg/fulltext/bks/B10-11328.pdf |
| 905 | _a164 | ||
| 942 |
_2ddc _cBK _e21 _n0 |
||
| 999 |
_c73612 _d73612 |
||